000 00619nam a2200241Ia 4500
003 OSt
005 20221005115554.0
006 a|||||r|||| 00| 0
007 ta
008 221004b |||||||| |||| 00| 0 tam d
024 _a46812
037 _cTextual
040 _aCRL
_cCRL
_btam
041 _2tam
_atam
082 _aV73:51wM33, 31K4
100 _aRadhmanalan
_9627773
245 0 _aChindhanai yalar ingersoll
260 _c1964
300 _a51
_ccm.
650 _aUNITED STATES - HISTORY
_931585
942 _hV73:51wM33, 31K4
_cTEXL
_2cc
999 _c1035244
_d1035244